| 000 -ლიდერი |
| ფიქსირებული სიგრძის საკონტროლო ველი |
01434nam a2200301Ia 4500 |
| 001 - საკონტროლო ნომერი |
| საკონტროლო ველი |
710 |
| 003 - საკონტროლო ნომრის იდენტიფიკატორი |
| საკონტროლო ველი |
GE_BSU |
| 005 - ბოლო ოპერაციის თარიღი და დრო |
| საკონტროლო ველი |
20210712123411.0 |
| 008 - ფიქსირებული სიგრძის მონაცემთა ელემენტები - ზოგადი ინფორმაცია |
| ფიქსირებული სიგრძის საკონტროლო ველი |
181216s2011||||ge |||||||||||||| ||geo|| |
| 020 ## - წიგნის საერთაშორისო სტანდარტული ნომერი |
| International Standard Book Number |
978994114946 |
| 040 ## - კატალოგიზაციის წყარო |
| Transcribing agency |
GE_BSU |
| 041 ## - ენის კოდი |
| Language code of text/sound track or separate title |
geo |
| 080 ## - უნივერსალური ათობითი კლასიფიკაციის ინდექსი |
| Universal Decimal Classification number |
616.097 ლ-26 |
| 100 ## - მთავარი ჩანაწერი - პიროვნების სახელი |
| Personal name |
ლასარეიშვილი, ბ. |
| 9 (RLIN) |
12226 |
| 245 ## - ცნობა სათაურის შესახებ |
| Title |
ლაბორატორიულ სამუშაოთა კრებული იმუნოლოგიაში : |
| Remainder of title |
[დამხმ. სახელმძღვ. სტუდ.] / |
| Statement of responsibility, etc |
ბ. ლასარეიშვილი, თ. ბუაჩიძე, ლ. თოფურია ; [სამეცნ. რედ. დავით ლორია] ; სტუ. |
| 264 ## - წარმოების, გამოცემის, დისტრიბუციის და სხვა ცნობები |
| გამოცემის, წარმოების, დისტრიბუციის... ადგილი |
თბილისი : |
| გამოცემის, წარმოების, დისტრიბუციის... სახელწოდება |
ტექ. უნ-ტი, |
| გამოცემის, წარმოების, დისტრიბუციის... თარიღი |
2011. |
| 300 ## - ფიზიკური აღწერა |
| Extent |
69 გვ.; |
| Other physical details |
ცხრ., ნახ. ; |
| Dimensions |
29 სმ. |
| 501 ## - შენიშვნა თანმხლებ მასალაზე |
| With note |
დანართი: გვ. 53-64. |
| 504 ## - BIBLIOGRAPHY, ETC. NOTE |
| Bibliography, etc |
ბიბლიოგრ.: გვ. 65. |
| 653 ## - INDEX TERM--UNCONTROLLED |
| Uncontrolled term |
იმუნოლოგია |
| 653 ## - INDEX TERM--UNCONTROLLED |
| Uncontrolled term |
ლაბორატორიულ სამუშაოთა კრებული |
| 700 ## - ADDED ENTRY--PERSONAL NAME |
| Personal name |
ბუაჩიძე, თ. |
| Relator term |
ავტორი |
| 9 (RLIN) |
1329 |
| 700 ## - ADDED ENTRY--PERSONAL NAME |
| Personal name |
თოფურია, ლ. |
| Relator term |
ავტორი |
| 9 (RLIN) |
12227 |
| 700 ## - ADDED ENTRY--PERSONAL NAME |
| Personal name |
ლორია, დავით |
| Relator term |
რედაქტორი |
| 9 (RLIN) |
12228 |
| 710 ## - ADDED ENTRY--CORPORATE NAME |
| Corporate name or jurisdiction name as entry element |
სტუ |
| 9 (RLIN) |
12229 |
| 942 ## - ADDED ENTRY ELEMENTS (KOHA) |
| Koha item type |
წიგნი |
| Source of classification or shelving scheme |
|